UBT Library

Leading at a higher level : (Record no. 43770)

000 -LEADER
fixed length control field 01029cam a2200265 a 4500
001 - CONTROL NUMBER
control field 14396932
005 - DATE AND TIME OF LATEST TRANSACTION
control field 20180301035657.0
008 - FIXED-LENGTH DATA ELEMENTS--GENERAL INFORMATION
fixed length control field 060601s2007 njua b 001 0ceng
010 ## - LIBRARY OF CONGRESS CONTROL NUMBER
LC control number 2006018176
020 ## - INTERNATIONAL STANDARD BOOK NUMBER
International Standard Book Number 0131443909 (hardback : alk. paper)
020 ## - INTERNATIONAL STANDARD BOOK NUMBER
International Standard Book Number 9780131443907
035 ## - SYSTEM CONTROL NUMBER
System control number (OCoLC)ocm69734573
035 ## - SYSTEM CONTROL NUMBER
System control number (OCoLC)69734573
040 ## - CATALOGING SOURCE
Original cataloging agency DLC
Transcribing agency DLC
Modifying agency BAKER
-- C#P
-- YDXCP
-- QBX
-- DLC
041 ## - LANGUAGE CODE
Language code of text/sound track or separate title eng
080 ## - UNIVERSAL DECIMAL CLASSIFICATION NUMBER
Universal Decimal Classification number 658.4092 BLA
082 00 - DEWEY DECIMAL CLASSIFICATION NUMBER
Classification number 658.4092 BLA
Edition number 22
100 1# - Rafti
Rafti 54
101 ## - Shkurtesa
Shkurtesa LID
245 10 - TITLE STATEMENT
Title Leading at a higher level :
Statement of responsibility, etc the founding associates and consulting partners of the Ken Blanchard Companies ; with an introduction by Ken Blanchard.
504 ## - BIBLIOGRAPHY, ETC. NOTE
Bibliography, etc Includes bibliographical references and index.
906 ## - LOCAL DATA ELEMENT F, LDF (RLIN)
a 7
b cbc
c orignew
d 1
e ecip
f 20
g y-gencatlg
942 ## - ADDED ENTRY ELEMENTS (KOHA)
Source of classification or shelving scheme
Item type Books
Holdings
Withdrawn status Lost status Source of classification or shelving scheme Damaged status Not for loan Collection code Permanent location Current location Shelving location Date acquired Total Checkouts Full call number Barcode Date last seen Price effective from Koha item type
          Koleksioni i përgjithshem UBT - Lipjan UBT - Lipjan Koleksioni i përgjithshem 03/01/2018   658.4092 BLA 002-3000457 03/01/2018 03/01/2018 Books
UBT Library © 2015-2024. All rights reserved University Education for Business and Technology